00823nam a2200229 a 450000100060000000300080000600500170001400800410003102000210007203500190009304000370011204100080014908200240015711000710018124501070025226000900035930000340044949000340048365000190051765000230053683000340055934161BD-RjUL20211209052121.0190330s1953 enka 000 0 eng  c: Scheeling 7.60 a(BD-RjUL)34255 aDLCcDMMdUKMdMYGdBD-RjULbeng aeng a333.7223bROW 19532 aRoyal Institute of International Affairs.bInformation Department.10aWorld production of raw materials /cRoyal Institute of International Affairs. Information Department. aLondon:bRoyal Institute of International Affairs,cMarch 1953 [Impression July 1953] avii, 104 p. :bIll. ;c22 cm.1 aInformation papers ;vno. 18  0aRaw materials. 0aNatural resources. aInformation papers ;vno. 18